Marvel Superhero Duos by Picture - Statistics

General Stats
  • This quiz has been taken 94 times
  • The average score is 5 of 6
Answer Stats
Picture Answer % Correct
Ant-Man & the Wasp
100%
Rocket Raccoon & Groot
96%
Scarlet Witch & Vision
96%
Luke Cage & Iron Fist
81%
Cloak & Dagger
72%
Hawkeye & Mockingbird
40%
No matching quizzes found
Score Distribution
Percent of People with Each Score
Percentile by Number Answered
Your Score History
You have not taken this quiz